000 00676nam a22002057a 4500
005 20170124110246.0
010 _aB-217750
020 _c800.00
_a818858343
035 _aB-217750
037 _bCen Lib/Ret
040 _aDPL
_bEN
082 _a500
_bREF
245 _aReference manual for CSIR/UGC examinations :
_bNET,SLET,JRF and other CSIR/UPSC competitive tests science (general)
260 _aNew Delhi
_bReference Press
_c2004
270 _a4831/24, Ansari road Darya Ganj
_bNew Delhi
_e110002
300 _a449p.
_c20cm(Hb)
650 _aNatural science
_9101631
650 _aGeneral science test book
_997511
942 _2ddc
_cEN
_h500
_mREF
999 _c135515
_d135515